Fishing Brand Logos Quiz - Statistics

General Stats
  • This quiz has been taken 202 times
  • The average score is 7 of 16
Answer Stats
Picture Answer % Correct
Bass Pro Shops
97%
Berkley
76%
Zoom
62%
Penn
60%
Daiwa
58%
Lew's
55%
Eagle Claw
52%
KastKing
44%
Strike King
41%
St. Croix
38%
Hummingbird
35%
Mepps
28%
Storm
18%
Panther Martin
14%
Team Catfish
4%
Cotton Cordell
3%
No matching quizzes found
Score Distribution
Percent of People with Each Score
Percentile by Number Answered
Your Score History
You have not taken this quiz